| 000 | 00595nam a2200217 4500 | ||
|---|---|---|---|
| 003 | OSt | ||
| 005 | 20240610021840.0 | ||
| 006 | a | ||
| 008 | 240610b |||||||| |||| 00| 0 eng d | ||
| 020 | _a9710412081 | ||
| 040 |
_aDWCL-Main lib. _cOC |
||
| 082 | _aFil. 512 P258c 2011 | ||
| 100 | _aParren˜o, Elizabeth B. | ||
| 245 | _aCollege algebra / | ||
| 260 |
_aMandaluyong City, Phils. : _bBooks Atbp., _cc2011. |
||
| 300 |
_avii, _b211 p. : ill. ; _c22 cm. |
||
| 504 | _aIncludes references. | ||
| 650 | _a1. Algebra. | ||
| 700 | _aElizabeth B. Parren˜o | ||
| 942 |
_2ddc _n0 _cBK - FIL _kFil. |
||
| 999 |
_c430 _d430 |
||